[Event "5.Online Aktivschach WM / Gruppe C"]
[Site "?"]
[Date "2009.01.02"]
[Round "5.1"]
[White "Deep Sjeng, Resurrection"]
[Black "R30 V2.2, TASC."]
[Result "0-1"]
[WhiteElo "2217"]
[BlackElo "2352"]
[PlyCount "118"]
[EventDate "2009.??.??"]

1. e4 e5 2. Nf3 Nf6 3. Nxe5 d6 4. Nf3 Nxe4 5. Qe2 Qe7 6. d3 Nf6 7. Bg5 Nbd7 8.
Nc3 Qxe2+ 9. Bxe2 Be7 10. O-O-O h6 11. Be3 Nb6 12. Rhe1 O-O 13. d4 Be6 14. Bd3
Ng4 15. Bd2 Rfe8 16. Re2 Nf6 17. Nb5 Rac8 18. Rde1 c6 19. Nc3 Rcd8 20. Kb1 Rd7
21. h3 Bc4 22. Bxc4 Nxc4 23. Bf4 Kf8 24. Kc1 Nb6 25. h4 Nbd5 26. Nxd5 Nxd5 27.
Bd2 b5 28. Kd1 Kg8 29. Bc1 b4 30. Bd2 a5 31. h5 Rc7 32. Nh4 c5 33. Nf5 Rd7 34.
Re4 Kh8 35. Bf4 Nxf4 36. Rxf4 g6 37. Nxh6 Kg7 38. Nxf7 gxh5 39. Re3 h4 40. d5
Rg8 41. Ke2 Re8 42. Kd3 Rg8 43. Ref3 Kh7 44. g4 Kg6 45. Rf5 Rg7 46. Nh8+ Kh7
47. Rh5+ Kg8 48. Rf4 Ra7 49. Re4 a4 50. f3 b3 51. axb3 axb3 52. cxb3 Rb7 53. b4
Rxb4 54. Rxb4 cxb4 55. Ke4 Bf6 56. Kf4 b3 57. g5 Bxb2 58. Kf5 Rh7 59. Ng6 Rxh5
0-1

[Event "5.Online Aktivschach WM / Gruppe C"]
[Site "?"]
[Date "2009.01.13"]
[Round "6.1"]
[White "R30 V2.2, TASC."]
[Black "Berlin Pro, Mephisto"]
[Result "1/2-1/2"]
[WhiteElo "2352"]
[BlackElo "2282"]
[PlyCount "156"]
[EventDate "2009.??.??"]

1. d4 Nf6 2. c4 e6 3. Nf3 d5 4. Bg5 h6 5. Bxf6 Qxf6 6. Qb3 dxc4 7. Qxc4 Nc6 8.
e3 Bd6 9. Nbd2 O-O 10. Bd3 Nb4 11. Be4 Qe7 12. a3 f5 13. axb4 fxe4 14. Nxe4
Bxb4+ 15. Ke2 a5 16. Ne5 b6 17. Qc2 Qh4 18. Qc6 Ra7 19. f3 Ba6+ 20. Kd1 Qe7 21.
Qc2 Qe8 22. Nc6 Bd3 23. Qxd3 Qxc6 24. Ke2 Qe8 25. Rhc1 Qg6 26. Kf2 Bd6 27. h3
Raa8 28. Rc6 Rad8 29. Rac1 Rd7 30. Qc2 Be7 31. Kg1 Rxf3 32. Nc5 Qxc2 33. Rxc2
bxc5 34. gxf3 cxd4 35. exd4 Bf6 36. Rxe6 Bxd4+ 37. Kg2 Rd5 38. h4 Be5 39. Rec6
Rb5 40. R6c5 Rxc5 41. Rxc5 Bxb2 42. Rxa5 Bd4 43. f4 Kf7 44. Kf3 Ke6 45. Ke4 Bf6
46. Ra6+ Kd7 47. h5 c6 48. Kd3 Kc7 49. Kc4 Kb7 50. Ra2 Kc7 51. f5 Kb6 52. Re2
Kc7 53. Kc5 Kd7 54. Ra2 Be7+ 55. Kb6 Bd8+ 56. Kb7 c5 57. Rd2+ Ke8 58. Kc6 Be7
59. Kd5 Kf7 60. Rg2 Bg5 61. Rg3 Kf6 62. Rf3 Bh4 63. Kxc5 Kg5 64. Kd5 Kxh5 65.
Rb3 Kg5 66. Ke5 Be1 67. Rb1 Bc3+ 68. Ke4 h5 69. Rc1 Bf6 70. Rg1+ Kh6 71. Kf4
Kh7 72. Kf3 Kh6 73. Rg6+ Kh7 74. Rg3 Kh6 75. Kf4 Kh7 76. Rg1 Kh6 77. Rg2 Kh7
78. Rg3 Kh6 1/2-1/2

[Event "5.Online Aktivschach WM / Gruppe D"]
[Site "?"]
[Date "2008.11.29"]
[Round "1.2"]
[White "Explorer Pro, Mephisto"]
[Black "Vancouver 68020 26 MHz, Mephisto"]
[Result "0-1"]
[WhiteElo "2048"]
[BlackElo "2280"]
[PlyCount "142"]
[EventDate "2008.??.??"]

1. e4 e6 2. d4 d5 3. Nc3 dxe4 4. Nxe4 Nf6 5. Nxf6+ gxf6 6. c3 Nc6 7. Be3 f5 8.
Qh5 Bg7 9. Nf3 Ne7 10. Ng5 Ng6 11. O-O-O h6 12. Nf3 Bd7 13. Bc4 f4 14. Bd2 a6
15. Bd3 Qf6 16. Qg4 h5 17. Qg5 Qxg5 18. Nxg5 Bh6 19. h4 Nxh4 20. Nxf7 Kxf7 21.
Rxh4 Bg5 22. Rh2 Bc6 23. Re1 Rad8 24. Kc2 h4 25. Be4 Bd5 26. b3 Rd7 27. Kd3 c5
28. Bxd5 Rxd5 29. Re4 cxd4 30. c4 Rdd8 31. Bxf4 Bf6 32. Be5 Bxe5 33. Rxe5 Kf6
34. Re4 e5 35. Rhxh4 Kf5 36. g4+ Kf6 37. Rh5 Rxh5 38. gxh5 Kf5 39. f4 exf4 40.
Rxd4 Rf8 41. h6 Kg5 42. h7 f3 43. Ke3 f2 44. Rd1 Rh8 45. Kxf2 Rxh7 46. Kf3 Kf5
47. Rd5+ Ke6 48. Kg4 Rf7 49. Rd8 Ke5 50. a4 Ke4 51. Re8+ Kd3 52. Re6 Kd4 53.
Re1 Kc3 54. Re3+ Kb4 55. Kg5 Rf2 56. Re7 Kxb3 57. Rxb7+ Kxa4 58. Rb6 Ka5 59.
Rb3 Rf7 60. Ra3+ Kb6 61. Ra4 a5 62. Ra1 Rf2 63. Ra3 Rc2 64. Ra4 Rb2 65. Ra1 Rb4
66. c5+ Kb5 67. Rc1 Kc6 68. Kf6 a4 69. Rc3 Rb5 70. Ra3 Ra5 71. Ke6 Kxc5 0-1

[Event "5.Online Aktivschach WM / Gruppe D"]
[Site "?"]
[Date "2008.12.01"]
[Round "1.1"]
[White "Ruffian, Resurrection"]
[Black "Elite V9, Fidelity"]
[Result "1/2-1/2"]
[WhiteElo "2375"]
[BlackElo "2192"]
[PlyCount "128"]
[EventDate "2008.??.??"]

1. d4 d5 2. c4 e6 3. Nc3 Nf6 4. Bg5 Nbd7 5. Nf3 c6 6. Qb3 Be7 7. e3 O-O 8. Be2
a6 9. O-O b5 10. cxd5 cxd5 11. Rac1 Bb7 12. Rc2 h6 13. Bxf6 Nxf6 14. Na4 Ne4
15. Rfc1 Rc8 16. Nc5 Nxc5 17. dxc5 Bc6 18. Nd4 Qa5 19. a3 Qc7 20. Nxc6 Qxc6 21.
Qb4 Bg5 22. b3 Rc7 23. Bd3 f5 24. a4 bxa4 25. Qxa4 Qxa4 26. bxa4 f4 27. e4 a5
28. Rb1 Be7 29. c6 Bb4 30. Rd1 d4 31. Bc4 Rxc6 32. Rxd4 Kh8 33. Bd3 Rxc2 34.
Bxc2 Rb8 35. Rd7 Rc8 36. Bd1 Bc5 37. g3 Rf8 38. Kg2 fxg3 39. fxg3 Rf2+ 40. Kh3
Bb4 41. Bb3 e5 42. Bf7 g5 43. Be6 h5 44. Bf7 Re2 45. Bg6 g4+ 46. Kh4 Rxh2+ 47.
Kg5 Be1 48. Bxh5 Bxg3 49. Kg6 Bh4 50. Bxg4 Kg8 51. Ra7 Bd8 52. Ra8 Rd2 53. Be6+
Kf8 54. Kf5 Kg7 55. Ra7+ Kh6 56. Kxe5 Bb6 57. Rf7 Bd4+ 58. Kd6 Be3+ 59. Bd5 Rd4
60. Rf3 Bc1 61. Rh3+ Kg5 62. Rg3+ Kh4 63. Rc3 Bf4+ 64. Ke6 Rxa4 1/2-1/2

[Event "5.Online Aktivschach WM / Gruppe D"]
[Site "?"]
[Date "2008.12.11"]
[Round "2.1"]
[White "Elite V9, Fidelity"]
[Black "Vancouver 68020 26 MHz, Mephisto"]
[Result "0-1"]
[WhiteElo "2192"]
[BlackElo "2280"]
[PlyCount "132"]
[EventDate "2008.??.??"]

1. e4 e5 2. Nf3 Nc6 3. Bb5 a6 4. Ba4 Nf6 5. O-O Be7 6. Bxc6 dxc6 7. Qe1 Nd7 8.
d4 exd4 9. Nxd4 Nf6 10. Nf3 O-O 11. Nc3 Bg4 12. Qe3 Re8 13. h3 Bh5 14. g4 Bg6
15. Ne5 Bb4 16. Nxg6 hxg6 17. f3 Qd6 18. Qf4 Bxc3 19. Qxd6 cxd6 20. bxc3 d5 21.
Rb1 b5 22. g5 Nh5 23. Re1 dxe4 24. fxe4 Re5 25. c4 Rc5 26. cxb5 cxb5 27. Rb2
Rac8 28. Re2 Ng3 29. Rg2 Nxe4 30. Bf4 Rf5 31. Bc1 Nc3 32. a3 Rf3 33. Kh2 Ne4
34. Rb4 Nf2 35. Rb3 Rf5 36. Be3 Rxc2 37. Bb6 Rd2 38. Rb4 Rf3 39. Rh4 Re2 40.
Ba7 Rb2 41. Bd4 Rc2 42. Bb6 Rd2 43. Bc5 Rf5 44. Bb6 Ra2 45. Bd4 Rf3 46. Bc5 a5
47. Bd4 Rc2 48. Bb6 b4 49. axb4 axb4 50. Rxf2 Rcxf2+ 51. Bxf2 Rxf2+ 52. Kg3 Rb2
53. Rd4 f5 54. Rd8+ Kh7 55. Rb8 Rb3+ 56. Kh4 Rb1 57. Rb7 Rb2 58. Rb8 Re2 59.
Rxb4 Kg8 60. Kg3 Re3+ 61. Kg2 Kf7 62. Rc4 Re4 63. Rxe4 fxe4 64. Kg3 Ke6 65. Kf4
Kd5 66. Ke3 Ke5 0-1

[Event "5.Online Aktivschach WM / Gruppe D"]
[Site "?"]
[Date "2008.12.12"]
[Round "2.2"]
[White "Ruffian, Resurrection"]
[Black "Explorer Pro, Mephisto"]
[Result "1-0"]
[WhiteElo "2375"]
[BlackElo "2048"]
[PlyCount "79"]
[EventDate "2008.??.??"]

1. e4 d5 2. exd5 Nf6 3. d4 Nxd5 4. Nf3 g6 5. c4 Nb6 6. c5 N6d7 7. Bc4 e6 8. O-O
Bg7 9. Bg5 Nf6 10. Nc3 Nbd7 11. Re1 O-O 12. Ne5 h6 13. Bh4 Rb8 14. Qe2 Qe7 15.
Qf3 g5 16. Bg3 Nxe5 17. Bxe5 b6 18. c6 a6 19. a4 Rd8 20. h4 gxh4 21. Qf4 Ne8
22. Ne4 Ra8 23. Re3 a5 24. Rh3 f6 25. Qxh4 Ba6 26. Bxa6 Rxa6 27. Rf3 Kf7 28.
Ng3 Raa8 29. Nh5 Bh8 30. Qg4 Rab8 31. Rg3 Qf8 32. Nf4 Ng7 33. Qg6+ Kg8 34. Bxc7
Qf7 35. Bxd8 Qxg6 36. Nxg6 Rxd8 37. c7 Re8 38. Rc1 Nf5 39. c8=Q Rxc8 40. Rxc8+
1-0

[Event "5.Online Aktivschach WM / Gruppe D"]
[Site "?"]
[Date "2008.12.19"]
[Round "3.1"]
[White "Explorer Pro, Mephisto"]
[Black "Elite V9, Fidelity"]
[Result "1/2-1/2"]
[WhiteElo "2048"]
[BlackElo "2192"]
[PlyCount "140"]
[EventDate "2008.??.??"]

1. c4 e5 2. Nf3 e4 3. Nd4 Nc6 4. Nxc6 dxc6 5. Qc2 Bf5 6. Qb3 b6 7. g3 Bc5 8.
Qa4 Ne7 9. Bg2 Qd4 10. O-O b5 11. Qc2 bxc4 12. Nc3 e3 13. dxe3 Bxc2 14. exd4
Bxd4 15. Nb5 Be5 16. Na3 c3 17. Nxc2 cxb2 18. Bxb2 Bxb2 19. Rad1 Rb8 20. Rd3
O-O 21. Rb1 Be5 22. Rbb3 Bd6 23. Ne3 Rfd8 24. Nc4 Rb5 25. e4 Ng6 26. f4 Bc5+
27. Kf1 Bd4 28. a4 Rc5 29. Rb4 f6 30. Ke2 Rh5 31. h3 a6 32. Ne3 c5 33. Rb7 Nf8
34. Ra7 Rd6 35. Nc4 Re6 36. Kd2 Rh6 37. Rxc7 Re8 38. Ra7 Rb8 39. Rxa6 Rb1 40.
e5 fxe5 41. Bd5+ Kh8 42. Rxh6 gxh6 43. Nxe5 Rb2+ 44. Kd1 Rb4 45. Nf7+ Kg7 46.
a5 Ra4 47. Nd6 Rxa5 48. Nf5+ Kf6 49. Nxd4 cxd4 50. Rxd4 Ra3 51. Ke2 Rxg3 52.
Rd3 Rxd3 53. Kxd3 Ne6 54. Ke3 h5 55. Bb3 h6 56. Ba4 Ng7 57. Ke4 Nf5 58. Bd7
Ng3+ 59. Kf3 Nf5 60. Be8 Nd4+ 61. Ke3 Nf5+ 62. Kf2 Ng7 63. Bc6 Nf5 64. Bd7 Nd6
65. Ke3 Ke7 66. Ba4 Nf5+ 67. Kd3 Kf6 68. Bd7 Nd6 69. Kd4 Nf5+ 70. Kc4 Ne7
1/2-1/2

[Event "5.Online Aktivschach WM / Gruppe D"]
[Site "?"]
[Date "2008.12.19"]
[Round "3.2"]
[White "Vancouver 68020 26 MHz, Mephisto"]
[Black "Ruffian, Resurrection"]
[Result "1/2-1/2"]
[WhiteElo "2280"]
[BlackElo "2375"]
[PlyCount "110"]
[EventDate "2008.??.??"]

1. Nf3 Nf6 2. d4 d5 3. c4 c6 4. Nc3 e6 5. e3 Nbd7 6. Bd3 dxc4 7. Bxc4 b5 8. Bd3
a6 9. e4 c5 10. e5 cxd4 11. Nxb5 axb5 12. exf6 gxf6 13. Nxd4 Qa5+ 14. Bd2 Bb4
15. Bxb5 e5 16. Bxd7+ Bxd7 17. O-O Rg8 18. Nb3 Qd5 19. f3 Bxd2 20. Qxd2 Qxd2
21. Nxd2 Bh3 22. Rf2 Ke7 23. Re2 Bd7 24. Ne4 Rgd8 25. Rd2 Bf5 26. Rxd8 Rxd8 27.
Nc5 Rd2 28. b4 Kd6 29. g4 Bg6 30. a4 Rd4 31. Na6 f5 32. gxf5 Bxf5 33. b5 Bc8
34. Kf2 Bxa6 35. bxa6 Kc7 36. Rb1 Rxa4 37. Rb7+ Kc8 38. Rxf7 Rxa6 39. Rxh7 Kd8
40. Rh5 Ra5 41. h4 Ke7 42. Rh6 Kf7 43. Rb6 Rc5 44. Kg3 Rc3 45. Kg4 Rc4+ 46. Kf5
Rxh4 47. Rb7+ Kf8 48. Kxe5 Rh3 49. f4 Ra3 50. f5 Ra5+ 51. Kf6 Ra6+ 52. Kg5 Rc6
53. Rh7 Rb6 54. Rc7 Ra6 55. Rd7 Rc6 1/2-1/2

[Event "5.Online Aktivschach WM / Gruppe D"]
[Site "?"]
[Date "2008.12.26"]
[Round "4.2"]
[White "Vancouver 68020 26 MHz, Mephisto"]
[Black "Explorer Pro, Mephisto"]
[Result "1-0"]
[WhiteElo "2280"]
[BlackElo "2048"]
[PlyCount "149"]
[EventDate "2008.??.??"]

1. e4 e5 2. Nf3 Nc6 3. Bb5 f5 4. d3 fxe4 5. dxe4 Nf6 6. O-O d6 7. Nc3 Be7 8.
Qd3 Bd7 9. Rd1 O-O 10. Qc4+ Kh8 11. Ng5 Qe8 12. Ne6 Bxe6 13. Qxe6 a6 14. Bxc6
Qxc6 15. Be3 Rae8 16. f3 Bd8 17. Qb3 Be7 18. Rd2 b6 19. Rad1 a5 20. Qe6 Bd8 21.
Qc8 Be7 22. Qh3 Rf7 23. Ne2 Ref8 24. Ng3 Qc4 25. a3 Qa2 26. c3 g6 27. Bh6 Rd8
28. Bg5 Rdf8 29. Rf1 Qc4 30. Bh6 Rd8 31. Be3 Bf8 32. Rfd1 Bg7 33. Bg5 Rdf8 34.
Rd3 a4 35. R1d2 b5 36. Be3 Ne8 37. Qc8 Rg8 38. Qb7 Nf6 39. Qa7 Rgf8 40. Qa6 h6
41. Rd1 h5 42. h3 Ne8 43. Qb7 c6 44. Qb6 Kg8 45. Bg5 Kh7 46. Qe3 Qb3 47. Qd2
Qe6 48. Kh1 Qc4 49. Kh2 Qa2 50. Be3 Qe6 51. Ne2 Qc4 52. Kh1 Qa2 53. Ng3 Qe6 54.
Kg1 Qc4 55. Ne2 Qa2 56. Kh1 Qe6 57. Nc1 Qd7 58. Na2 Qc7 59. Nb4 Rf6 60. Rc1 d5
61. exd5 e4 62. fxe4 c5 63. Nc6 c4 64. Rd4 Qg3 65. e5 Rf2 66. Bxf2 Rxf2 67.
Qxf2 Qxf2 68. Rb1 Nc7 69. d6 Ne6 70. d7 Nxd4 71. Nxd4 Qh4 72. Rd1 Bxe5 73. Nf3
Bf6 74. Nxh4 Bxh4 75. Rd5 1-0

[Event "5.Online Aktivschach WM / Gruppe D"]
[Site "?"]
[Date "2008.12.28"]
[Round "4.1"]
[White "Elite V9, Fidelity"]
[Black "Ruffian, Resurrection"]
[Result "1-0"]
[WhiteElo "2192"]
[BlackElo "2375"]
[PlyCount "91"]
[EventDate "2008.??.??"]

1. d4 Nf6 2. Nf3 e6 3. Bg5 h6 4. Bxf6 Qxf6 5. e4 d6 6. Nbd2 c5 7. e5 Qd8 8.
dxc5 dxc5 9. Nc4 Bd7 10. Qd2 Be7 11. Nd6+ Bxd6 12. exd6 Qf6 13. O-O-O Bc6 14.
Kb1 Nd7 15. Rg1 O-O 16. Qe3 e5 17. h3 e4 18. Nh2 Qe6 19. b3 b5 20. f3 Rae8 21.
Be2 c4 22. Qxa7 cxb3 23. axb3 Ra8 24. Qd4 Rfc8 25. fxe4 Bxe4 26. Bd3 Bxd3 27.
Rxd3 Rc6 28. Nf3 Raa6 29. Rgd1 Kh8 30. Re1 Qf6 31. Qxf6 gxf6 32. Re8+ Kh7 33.
Re7 Ra7 34. Rxf7+ Kg6 35. Re7 Rca6 36. Rd5 Ra1+ 37. Kb2 R1a2+ 38. Kc3 h5 39.
Nh4+ Kh6 40. Nf5+ Kg5 41. Ng3+ Kg6 42. Nxh5 b4+ 43. Kxb4 Rb7+ 44. Kc3 f5 45. g4
Kg5 46. Rxf5+ 1-0

[Event "5.Online Aktivschach WM / Gruppe D"]
[Site "?"]
[Date "2009.01.02"]
[Round "5.1"]
[White "Vancouver 68020 26 MHz, Mephisto"]
[Black "Elite V9, Fidelity"]
[Result "1-0"]
[WhiteElo "2280"]
[BlackElo "2192"]
[PlyCount "113"]
[EventDate "2009.??.??"]

1. d4 Nf6 2. Nf3 b6 3. c4 e6 4. Nc3 Bb4 5. Qb3 Bxc3+ 6. Qxc3 Ne4 7. Qc2 Bb7 8.
Bf4 Na6 9. a3 g5 10. Bg3 Qe7 11. e3 O-O-O 12. c5 Nxg3 13. hxg3 bxc5 14. Rc1 g4
15. Ne5 f6 16. Nxg4 h5 17. Bxa6 Bxa6 18. Nh2 c4 19. Nf3 Bb5 20. Qc3 Qd6 21. Nd2
Qc6 22. Nxc4 Rdg8 23. Na5 Qxc3+ 24. Rxc3 Rg5 25. b4 Rhg8 26. Rh3 a6 27. Nb3 Bc6
28. Rh2 e5 29. dxe5 fxe5 30. Nc5 Bb7 31. e4 c6 32. Rd3 R8g7 33. Rd6 Rh7 34. Kf1
Rg8 35. Rf6 Rg5 36. Rh4 Rg4 37. Nd3 Rg5 38. Rh3 Kd8 39. f4 exf4 40. gxf4 Rgg7
41. Nc5 Bc8 42. e5 Rf7 43. Rxf7 Rxf7 44. Rh4 Kc7 45. g3 Rh7 46. g4 d6 47. exd6+
Kxd6 48. Rxh5 Rxh5 49. gxh5 Ke7 50. Kf2 Kf6 51. Kg3 Kg7 52. Kh4 Kh6 53. a4 Kh7
54. Kg5 Bh3 55. Nxa6 Kg7 56. Nc5 Bf1 57. a5 1-0

[Event "5.Online Aktivschach WM / Gruppe D"]
[Site "?"]
[Date "2009.01.04"]
[Round "5.2"]
[White "Explorer Pro, Mephisto"]
[Black "Ruffian, Resurrection"]
[Result "0-1"]
[WhiteElo "2048"]
[BlackElo "2375"]
[PlyCount "106"]
[EventDate "2009.??.??"]

1. e4 e5 2. Nf3 Nc6 3. Bb5 Nf6 4. O-O Nxe4 5. d4 Nd6 6. Bxc6 dxc6 7. dxe5 Nf5
8. Qxd8+ Kxd8 9. Rd1+ Ke8 10. b3 Be6 11. Ng5 Rd8 12. Rxd8+ Kxd8 13. Nxe6+ fxe6
14. Bb2 Bc5 15. Na3 g5 16. Rd1+ Kc8 17. c4 Rf8 18. Rd2 Bb4 19. Rd3 Bc5 20. h3
Rf7 21. Nb1 Nh6 22. Rd2 g4 23. Kf1 Be3 24. Re2 Nf5 25. Ke1 gxh3 26. gxh3 Bd4
27. Nc3 Nh4 28. Ne4 Nf3+ 29. Kd1 c5 30. Kc2 Ng1 31. Rd2 Nxh3 32. Bxd4 cxd4 33.
Rxd4 Rf5 34. Rd2 Rxe5 35. Kd3 h5 36. Kd4 Rf5 37. Ng3 c5+ 38. Ke3 Re5+ 39. Ne4
Ng5 40. f3 Nxe4 41. fxe4 Rg5 42. Kf4 Rg4+ 43. Ke5 h4 44. Rf2 Kc7 45. Rf7+ Kb6
46. Rf6 Ka5 47. Rxe6 Rg5+ 48. Kf4 Rh5 49. Rg6 h3 50. Rg1 Rh4+ 51. Kg3 Rxe4 52.
Kxh3 a6 53. a3 Re3+ 0-1

[Event "5.Online Aktivschach WM / Gruppe D"]
[Site "?"]
[Date "2009.01.10"]
[Round "6.1"]
[White "Elite V9, Fidelity"]
[Black "Explorer Pro, Mephisto"]
[Result "0-1"]
[WhiteElo "2192"]
[BlackElo "2048"]
[PlyCount "121"]
[EventDate "2009.??.??"]

1. c4 e6 2. Nc3 d5 3. Qa4+ Bd7 4. Qb3 dxc4 5. Qxc4 Nc6 6. Nf3 Nf6 7. d3 Be7 8.
Bf4 Nh5 9. Bd2 O-O 10. Ne4 Nf6 11. Nc5 Bxc5 12. Qxc5 b6 13. Qc4 Ne7 14. Bg5
Nfd5 15. e4 h6 16. Bh4 Nf6 17. Bxf6 gxf6 18. d4 Bc6 19. Bd3 f5 20. e5 Qd7 21.
Rc1 Rfd8 22. Rg1 Be4 23. Be2 c6 24. g4 f4 25. g5 h5 26. Qc3 a5 27. a3 Bxf3 28.
Bxf3 Qxd4 29. Qxd4 Rxd4 30. Bxh5 Re4+ 31. Kf1 Rxe5 32. Rc4 Rb5 33. Rc2 Rd8 34.
Bf3 Rb3 35. Kg2 c5 36. Rd1 Rxd1 37. Bxd1 Rd3 38. Be2 Rd4 39. Bf3 Ng6 40. Bb7
Kg7 41. f3 Nh4+ 42. Kh3 Nf5 43. Rc1 Ne3 44. Rg1 Rd8 45. Rg4 Nxg4 46. Kxg4 Rd2
47. h4 Rg2+ 48. Kxf4 Rxb2 49. Bc6 Rb3 50. a4 Rb4+ 51. Ke3 Rxh4 52. f4 e5 53.
fxe5 Kg6 54. Be4+ Kxg5 55. Kf3 Rh3+ 56. Ke2 Ra3 57. Bc6 Kf4 58. Kd2 Kxe5 59.
Kc2 f5 60. Kd2 f4 61. Bb5 0-1

[Event "5.Online Aktivschach WM / Gruppe D"]
[Site "?"]
[Date "2009.01.11"]
[Round "6.2"]
[White "Ruffian, Resurrection"]
[Black "Vancouver 68020 26 MHz, Mephisto"]
[Result "1-0"]
[WhiteElo "2375"]
[BlackElo "2280"]
[PlyCount "135"]
[EventDate "2009.??.??"]

1. d4 d5 2. c4 e6 3. Nf3 Nf6 4. Nc3 c6 5. cxd5 exd5 6. Bg5 Be7 7. Qc2 g6 8. e4
dxe4 9. Bxf6 Bxf6 10. Qxe4+ Be7 11. Bc4 Bf5 12. Qe3 O-O 13. O-O Nd7 14. Rfe1
Bf6 15. Ne4 Bxe4 16. Qxe4 Nb6 17. Bb3 Qd6 18. Rad1 Nd5 19. Bxd5 cxd5 20. Qe3
Rac8 21. Re2 Qa6 22. b3 Rc3 23. Qd2 Rfc8 24. Rde1 Qb5 25. Qf4 Kg7 26. g4 h6 27.
h4 Bd8 28. g5 hxg5 29. Nxg5 Bxg5 30. hxg5 Rc1 31. Kh2 Rxe1 32. Qe5+ Kg8 33.
Rxe1 Qd7 34. Kg3 Qc7 35. Qxc7 Rxc7 36. Re8+ Kg7 37. f3 Rd7 38. Kg4 a6 39. a4
Rd6 40. Kf4 Rb6 41. Re3 Rc6 42. Re5 Rd6 43. a5 b6 44. b4 bxa5 45. bxa5 Kf8 46.
Re3 Rc6 47. Rb3 Re6 48. Rb8+ Ke7 49. Rb7+ Ke8 50. Ra7 Kf8 51. Rd7 f6 52. Rxd5
Ke7 53. gxf6+ Rxf6+ 54. Ke4 Ke6 55. Rd8 Ke7 56. Rb8 Re6+ 57. Kd5 Re3 58. Rb7+
Kf8 59. f4 Ra3 60. Ke6 Rxa5 61. d5 Rb5 62. Rf7+ Kg8 63. Ra7 Rb8 64. d6 Re8+ 65.
Kf6 Rf8+ 66. Kxg6 Rxf4 67. d7 Rg4+ 68. Kf6 1-0

[Event "5.Online Aktivschach WM / Gruppe E"]
[Site "?"]
[Date "2008.12.02"]
[Round "1.2"]
[White "Montreux, Mephisto"]
[Black "Milano Pro, Mephisto"]
[Result "1-0"]
[WhiteElo "2280"]
[BlackElo "2166"]
[PlyCount "121"]
[EventDate "2008.??.??"]

1. e4 e5 2. Nc3 Nf6 3. f4 d5 4. fxe5 Nxe4 5. Nf3 Be7 6. Qe2 Nxc3 7. dxc3 c6 8.
Qf2 Bg4 9. Be3 O-O 10. Bd3 Nd7 11. O-O Qc7 12. Rae1 Bxf3 13. Qxf3 Nxe5 14. Qh5
Nxd3 15. cxd3 Rae8 16. Bd4 a6 17. Qg4 g6 18. Qe2 c5 19. Be5 Qd7 20. Qf2 d4 21.
cxd4 f6 22. Bg3 cxd4 23. Qc2 Rc8 24. Qb3+ Rf7 25. Rc1 Rxc1 26. Rxc1 Bd6 27.
Bxd6 Qxd6 28. Re1 Kg7 29. Qe6 Qxe6 30. Rxe6 Rd7 31. Kf2 Kf7 32. Rb6 h6 33. Kf3
Re7 34. Kf2 Rc7 35. Kf3 f5 36. Rd6 Rc2 37. Rd7+ Kf8 38. Rxb7 Rd2 39. Rb6 Rxd3+
40. Ke2 Re3+ 41. Kd2 Kf7 42. Rxa6 f4 43. Rb6 f3 44. gxf3 Rxf3 45. a4 Rh3 46. a5
Rxh2+ 47. Kd3 Rh1 48. b4 Rd1+ 49. Ke2 Rc1 50. a6 Rc3 51. Rb8 Ra3 52. b5 Kf6 53.
Ra8 Ra2+ 54. Kd3 g5 55. b6 Ra3+ 56. Kc4 d3 57. b7 d2 58. Rf8+ Kg7 59. Rf1 Rf3
60. Rd1 Rf8 61. Rxd2 1-0

[Event "5.Online Aktivschach WM / Gruppe E"]
[Site "?"]
[Date "2008.12.14"]
[Round "2.2"]
[White "CM Gideon 3.0 32 MHz, TASC."]
[Black "Montreux, Mephisto"]
[Result "1-0"]
[WhiteElo "2338"]
[BlackElo "2280"]
[PlyCount "101"]
[EventDate "2008.??.??"]

1. c4 e6 2. Nc3 Nf6 3. d4 d5 4. Bg5 Be7 5. cxd5 exd5 6. e3 c6 7. Bd3 O-O 8. Nf3
Ne4 9. Bf4 Nxc3 10. bxc3 g5 11. Be5 f6 12. Nxg5 Qa5 13. O-O fxg5 14. Bxh7+ Kf7
15. Qh5+ Ke6 16. Bg7 Nd7 17. Qg6+ Rf6 18. Qxg5 Kf7 19. Bxf6 Nxf6 20. Bg6+ Kf8
21. c4 Qd2 22. cxd5 cxd5 23. Rfc1 Qb2 24. a4 Bd7 25. Rab1 Qa3 26. Rf1 b6 27. a5
Qxa5 28. Rfc1 Rc8 29. Qh6+ Kg8 30. Rxc8+ Bxc8 31. Rc1 Bd7 32. Bd3 Qd2 33. Qg6+
Kf8 34. Rb1 Ng4 35. Rf1 a5 36. h3 Nf6 37. Rb1 Be8 38. Qh6+ Kg8 39. Bf5 Bf7 40.
g4 Qc3 41. g5 Qc6 42. Bh7+ Kh8 43. Kh1 Bh5 44. Be4+ Kg8 45. gxf6 Bxf6 46. Rxb6
Qxb6 47. Bxd5+ Bf7 48. Qg6+ Kh8 49. Bxf7 Qb7+ 50. d5 Qxf7 51. Qxf7 1-0

[Event "5.Online Aktivschach WM / Gruppe E"]
[Site "?"]
[Date "2008.12.18"]
[Round "3.2"]
[White "Milano Pro, Mephisto"]
[Black "CM Gideon 3.0 32 MHz, TASC."]
[Result "0-1"]
[WhiteElo "2166"]
[BlackElo "2338"]
[PlyCount "82"]
[EventDate "2008.??.??"]

1. e4 c5 2. Nf3 d6 3. Bb5+ Nc6 4. d4 cxd4 5. Qxd4 Bd7 6. Bxc6 Bxc6 7. Nc3 Nf6
8. Bg5 e6 9. O-O-O Be7 10. Rhe1 O-O 11. Kb1 Qc7 12. h3 Rfd8 13. Qd3 Rac8 14.
Nd4 d5 15. e5 Ne4 16. Nxe4 dxe4 17. Qg3 Bxg5 18. Qxg5 Bd5 19. Re3 h6 20. Qh5
Qa5 21. a3 Qb6 22. Rg3 Qc7 23. Qxh6 Qxe5 24. Rg5 Rc4 25. f4 Rxd4 26. Rc1 Qxg5
27. Qxg5 Bc6 28. Re1 R4d5 29. Qh4 Rd1+ 30. Ka2 R1d2 31. g3 f6 32. Kb3 Bd5+ 33.
c4 Rd3+ 34. Ka4 Bxc4 35. Rc1 Bb3+ 36. Kb5 R3d4 37. Rc5 Ba4+ 38. Ka5 b6+ 39. Ka6
bxc5 40. b3 R4d6+ 41. Ka5 Bxb3 0-1

[Event "5.Online Aktivschach WM / Gruppe E"]
[Site "?"]
[Date "2008.12.30"]
[Round "4.2"]
[White "Milano Pro, Mephisto"]
[Black "Montreux, Mephisto"]
[Result "0-1"]
[WhiteElo "2166"]
[BlackElo "2280"]
[PlyCount "152"]
[EventDate "2008.??.??"]

1. d4 d5 2. c4 e6 3. Nc3 Nf6 4. Nf3 dxc4 5. e3 c5 6. Bxc4 a6 7. O-O b5 8. Bb3
Bb7 9. Qe2 b4 10. Nb1 Nc6 11. Rd1 Be7 12. dxc5 Qc7 13. e4 Bxc5 14. Qc2 Ba7 15.
Bg5 Rc8 16. Bxf6 gxf6 17. Nbd2 Na5 18. Ba4+ Ke7 19. Qxc7+ Rxc7 20. Rac1 Rhc8
21. Rxc7+ Rxc7 22. h3 Bb6 23. g3 Rc8 24. Kg2 Ba8 25. g4 Nb7 26. Ne1 f5 27. gxf5
exf5 28. f3 Rg8+ 29. Kf1 Nc5 30. Bc2 Ne6 31. Ng2 Rg3 32. exf5 Bxf3 33. Nxf3
Rxf3+ 34. Ke1 Nd4 35. Be4 Rxh3 36. Kd2 Rh2 37. Rf1 Kf6 38. Kd3 Nb5 39. Nf4 Ke5
40. Nd5 Bc5 41. Rc1 Rh3+ 42. Kc4 Nd6+ 43. Kxc5 Nxe4+ 44. Kc6 b3 45. axb3 Rxb3
46. Nc3 Nf6 47. Na4 Kxf5 48. Rc5+ Kg6 49. Ra5 h5 50. Rxa6 h4 51. Ra8 h3 52. Rh8
Nh5 53. Rg8+ Kh6 54. Rg4 f5 55. Rd4 h2 56. Rh4 Rb4 57. Rxh2 Rxa4 58. b3 Rb4 59.
Rh3 Kg5 60. Kc5 Rb8 61. b4 f4 62. b5 Kg4 63. Rh2 Ng3 64. b6 f3 65. Kc6 Ne4 66.
b7 Nc5 67. Kxc5 Rxb7 68. Kd4 Kg3 69. Rh8 f2 70. Rg8+ Kf3 71. Rf8+ Ke2 72. Re8+
Kf1 73. Rc8 Rg7 74. Ke3 Kg1 75. Rc1+ f1=Q 76. Rxf1+ Kxf1 0-1

[Event "5.Online Aktivschach WM / Gruppe E"]
[Site "?"]
[Date "2009.01.02"]
[Round "5.2"]
[White "Montreux, Mephisto"]
[Black "CM Gideon 3.0 32 MHz, TASC."]
[Result "0-1"]
[WhiteElo "2338"]
[BlackElo "2280"]
[PlyCount "132"]
[EventDate "2009.??.??"]

1. c4 c5 2. Nf3 Nc6 3. Nc3 Nd4 4. e3 Nxf3+ 5. Qxf3 g6 6. d4 Bg7 7. dxc5 Bxc3+
8. bxc3 Qa5 9. e4 Qxc5 10. Bd3 Qa5 11. O-O d6 12. c5 Qxc5 13. Rb1 a6 14. Be3
Qc6 15. Rfc1 Bd7 16. Rb6 Qc8 17. c4 Nf6 18. Bd4 Bg4 19. Qe3 O-O 20. Bxf6 exf6
21. Rxd6 Be6 22. Qb6 a5 23. c5 Bxa2 24. c6 bxc6 25. Rcxc6 Qb8 26. Qd4 Re8 27.
Qa1 Re6 28. Rxe6 Bxe6 29. Qxf6 a4 30. h3 Qd8 31. Qc3 a3 32. Bc2 Qg5 33. Bd3 a2
34. Qa1 Bxh3 35. g3 Qh5 36. Rf6 Be6 37. Bf1 Ra5 38. Rxe6 fxe6 39. Bc4 Kf7 40.
Bxa2 Qb5 41. Qh8 Rxa2 42. Qxh7+ Kf6 43. Qh8+ Ke7 44. Qg7+ Kd6 45. Qf8+ Kc7 46.
Qf7+ Qd7 47. Qxg6 Qd2 48. Qf7+ Kd6 49. Kg2 Ke5 50. g4 Qd4 51. Kg3 Qxe4 52. Kh4
Ra8 53. f3 Rh8+ 54. Kg5 Qh7 55. Qf4+ Kd5 56. Qd2+ Kc6 57. Qc3+ Kd7 58. Qd2+ Ke8
59. Kf4 Qh6+ 60. g5 Qf8+ 61. Kg3 Qf5 62. Kg2 Rh5 63. Qc1 Rxg5+ 64. Kf2 Qe5 65.
Kf1 Qb5+ 66. Kf2 Qb6+ 0-1